000 005650000a22001810004500
003 MACL
005 20160429104242.0
008 160429b xxu||||| |||| 00| 0 eng d
040 _aMACL
_cMACL
041 _aHindi
082 _a800
100 _aरमण तुलसी
_954627
245 _aपालि और प्राकृत काव्‍य
260 _bभारतीय उच्‍च अध्‍ययन संस्‍थान
_c2003
_aशिमला
350 _a250
650 _aLiterature
_954628
942 _cHIN
_k800/RAM/L
_2ddc
999 _c12438
_d12438